01486 2200325 4500001002100000005001500021035002000036007000300056008004100059020001800100082001000118084001600128100004200144245020500186250002000391300003800411650001500449650001100464650002100475700003500496700002400531240001700555505039100572740007700963264003001040336002101070337003001091338002301121990001601144INLIS00000000000007720260413123559 a0010-0426000076ta260413 g 0 ind  a9789792931853 a005.5 a005.5 FAL p0 aFaldo Andreo HonggowidjojoePengarang1 aPemodelan & visualisasi bangunan menggunakan autodesk revit architecture /cFaldo Andreo Honggowidjojo ; editor, FI Sigit Suyantoro ; setting, Sri Sulistiyani ; desain cover, dan_dut ; korektor, Erang acetakan pertama a418 halaman :bilustrasi ;c23 cm 4aArsitektur 4aDesain 4aProgram Komputer0 aFI Sigit SuyantoroePenyunting0 adan_duteIlustrator aarchitecture aBuku ini membahas teknik pemodelan dan visualisasi bangunan menggunakan Autodesk Revit Architecture sebagai perangkat lunak berbasis BIM. Materi mencakup pembuatan model 3D, pengaturan elemen bangunan, serta proses visualisasi untuk menghasilkan desain arsitektur yang realistis. Buku ini ditujukan bagi pemula hingga pengguna yang ingin memahami perancangan bangunan secara digital. aPemodelan & visualisasi bangunan menggunakan autodesk revit architecture aYogyakarta :bANDI,c2012 2rdacontentateks 2rdamediaatanpa perantara 2rdacarrieravolume aPP000137/19